<?xml version="1.0" encoding="UTF-8"?>
<record
    xmlns:xsi="http://www.w3.org/2001/XMLSchema-instance"
    xsi:schemaLocation="http://www.loc.gov/MARC21/slim http://www.loc.gov/standards/marcxml/schema/MARC21slim.xsd"
    xmlns="http://www.loc.gov/MARC21/slim">

  <leader>01502 am a2200289 a 4500</leader>
  <controlfield tag="005">20240701100927.0</controlfield>
  <controlfield tag="008">100903s1996||||ag a   f |||| 001 0 spa d</controlfield>
  <datafield tag="020" ind1=" " ind2=" ">
    <subfield code="a">9879165012</subfield>
  </datafield>
  <datafield tag="041" ind1=" " ind2=" ">
    <subfield code="a">spa</subfield>
  </datafield>
  <datafield tag="092" ind1=" " ind2=" ">
    <subfield code="c">616.89</subfield>
    <subfield code="l">95</subfield>
    <subfield code="s">WER</subfield>
  </datafield>
  <datafield tag="100" ind1="1" ind2=" ">
    <subfield code="a">Wernicke, Carl.</subfield>
    <subfield code="9">1411</subfield>
  </datafield>
  <datafield tag="245" ind1=" " ind2=" ">
    <subfield code="a">Tratado de Psiquiatr&#xED;a.</subfield>
    <subfield code="b">Grundiss der Psychiatrie /</subfield>
    <subfield code="c">Carl Wernicke.</subfield>
  </datafield>
  <datafield tag="250" ind1=" " ind2=" ">
    <subfield code="a">1a ed. en espa&#xF1;ol de la obra original en alem&#xE1;n</subfield>
    <subfield code="b">Traducci&#xF3;n Diego Luis Outes y Jos&#xE9; Victor Tabasso con la colaboraci&#xF3;n de Ursula Maier. Primera traducci&#xF3;n completa aun idioma extranjero. Le precede una introducci&#xF3;n sobre la obra y conceptos psicofisiol&#xF3;gicos de Carl Wernicke, y finaliza con las clasificaciones de las Psicosis End&#xF3;genas de Carl Wernicke- Karl Kleist- Karl Leonhard.</subfield>
  </datafield>
  <datafield tag="260" ind1=" " ind2=" ">
    <subfield code="a">Buenos Aires: </subfield>
    <subfield code="b">Polemos;</subfield>
    <subfield code="c">1996.</subfield>
  </datafield>
  <datafield tag="300" ind1=" " ind2=" ">
    <subfield code="a">614 p. </subfield>
  </datafield>
  <datafield tag="500" ind1=" " ind2=" ">
    <subfield code="a">Wernicke, C. (1996). Tratado de Psiquiatr&#xED;a. Grundiss der Psychiatrie. (1a ed.) Buenos Aires : Polemos.</subfield>
  </datafield>
  <datafield tag="590" ind1=" " ind2=" ">
    <subfield code="a">Colecci&#xF3;n Cl&#xE1;sicos de la Psiquiatr&#xED;a bajo la direcci&#xF3;n de Juan Carlos Stagnaro.</subfield>
  </datafield>
  <datafield tag="653" ind1=" " ind2=" ">
    <subfield code="a">Afasias</subfield>
  </datafield>
  <datafield tag="653" ind1=" " ind2=" ">
    <subfield code="a">Ideas psiqui&#xE1;tricas fundamentales de C. Wernicke</subfield>
  </datafield>
  <datafield tag="653" ind1=" " ind2=" ">
    <subfield code="a">Anexo hist&#xF3;rico-geogr&#xE1;fico</subfield>
  </datafield>
  <datafield tag="653" ind1=" " ind2=" ">
    <subfield code="a">Introducci&#xF3;n psicofisiol&#xF3;gica</subfield>
  </datafield>
  <datafield tag="653" ind1=" " ind2=" ">
    <subfield code="a">Estados paranoicos</subfield>
  </datafield>
  <datafield tag="653" ind1=" " ind2=" ">
    <subfield code="a">Psicosis agudas y estados defectuales</subfield>
  </datafield>
  <datafield tag="653" ind1=" " ind2=" ">
    <subfield code="a">Clasificaci&#xF3;n de las enfermedades mentales seg&#xFA;n: Carl Wernicke (1848-1905) ; Karl Kleist (1879-1960) ; Karl Leonhard (1904-1988) </subfield>
  </datafield>
  <datafield tag="930" ind1=" " ind2=" ">
    <subfield code="a">769</subfield>
  </datafield>
  <datafield tag="942" ind1=" " ind2=" ">
    <subfield code="2">ddc</subfield>
    <subfield code="c">BK</subfield>
  </datafield>
  <datafield tag="999" ind1=" " ind2=" ">
    <subfield code="c">694</subfield>
    <subfield code="d">694</subfield>
  </datafield>
  <datafield tag="952" ind1=" " ind2=" ">
    <subfield code="0">0</subfield>
    <subfield code="1">0</subfield>
    <subfield code="2">ddc</subfield>
    <subfield code="4">0</subfield>
    <subfield code="7">0</subfield>
    <subfield code="8">REF</subfield>
    <subfield code="a">BFM</subfield>
    <subfield code="b">BFM</subfield>
    <subfield code="c">REF</subfield>
    <subfield code="d">2011-05-13</subfield>
    <subfield code="l">0</subfield>
    <subfield code="o">616.89 95 WER</subfield>
    <subfield code="p">769</subfield>
    <subfield code="r">2014-11-06</subfield>
    <subfield code="t">ej.1</subfield>
    <subfield code="w">2011-05-13</subfield>
    <subfield code="y">REF</subfield>
    <subfield code="z">LIBRO DE CONSULTA</subfield>
  </datafield>
</record>
